| 000 | 01298nam a2200241Ia 4500 | ||
|---|---|---|---|
| 003 | Ost | ||
| 005 | 20260507075645.0 | ||
| 008 | 260507s9999||||xx |||||||||||||| ||und|| | ||
| 020 | _a9498249960 | ||
| 040 | _cfsecg | ||
| 041 | _aara | ||
| 082 | _a657.7 | ||
| 100 |
_aجاربيون، ري اتش _eمؤلف |
||
| 245 | 0 |
_aالمحاسبة الإدارية / _c ري اتش جاربيون |
|
| 260 |
_aالرياض: _bدار المريخ, _c2002 |
||
| 300 |
_a128 صفحة؛ _c27 سم |
||
| 520 | _aالمحاسبة الإدارية-مصطلحات ومفاهيم وتبويبات التكلفة- تصميم النظم- سلوك التكاليف- علاقات التكلفة والحجم والربح- تحديد التكلفة المتغيرة- تخطيط الربحية- الموازنات المرنة- التكاليف اللازمة لإتخاذ القرارات- إعداد الموازنة الرأسمالية- جوانب الإستثمار- تحديد تكاليف القسم الخدمي-قائمة التدفقات النقدية- تحليل القوائم المالية | ||
| 653 | _aالإدارة | ||
| 653 | _aالمحاسبة | ||
| 653 | _aالمحاسبة الإدارية | ||
| 700 |
_aزايد، محمد عصام الدين _eمؤلف ثانوي |
||
| 942 | _cكتاب | ||
| 999 |
_c45472 _d45472 |
||